Waste industry faces an uncertain year (Record no. 68284)

MARC details
000 -LEADER
fixed length control field 01325cam a2200241 4500
001 - CONTROL NUMBER
control field ABS64612
008 - FIXED-LENGTH DATA ELEMENTS--GENERAL INFORMATION
fixed length control field 010918n2001 000 0 eng u
035 ## - SYSTEM CONTROL NUMBER
System control number (Sirsi) u114620
245 ## - TITLE STATEMENT
Title Waste industry faces an uncertain year
260 ## - PUBLICATION, DISTRIBUTION, ETC.
Date of publication, distribution, etc. 2001
490 ## - SERIES STATEMENT
Series statement ENDS Report
Volume/sequential designation (319) August 2001, 26-29(4)
520 ## - SUMMARY, ETC.
Summary, etc. Suggests that the UK waste industry faces an uncertain year amid an impending regulatory shake-up. Looks at the new regulations for landfill sites included in the second consultation on implementing the EU landfill Directive 1999, published in August 2001. The new package will replace the existing waste management licensing system. Discusses how the proposed changes will affect particular areas including conditioning plans, hazardous waste sites, waste acceptance criteria, tyres and liquids, and duties on the Agency. Notes that while the proposed timetable for banning landfilling of various wastes such as tyres has been tightened, plans to reform the 'duty of care' regime appear limp.
590 ## - LOCAL NOTE (RLIN)
Local note ABS
650 ## - SUBJECT ADDED ENTRY--TOPICAL TERM
Topical term or geographic name entry element DIRECTIVE 99/31/EC
650 ## - SUBJECT ADDED ENTRY--TOPICAL TERM
Topical term or geographic name entry element CONSULATION PAPER
650 ## - SUBJECT ADDED ENTRY--TOPICAL TERM
Topical term or geographic name entry element HAZARDOUS WASTE
650 ## - SUBJECT ADDED ENTRY--TOPICAL TERM
Topical term or geographic name entry element TYRES
650 ## - SUBJECT ADDED ENTRY--TOPICAL TERM
Topical term or geographic name entry element DUTY OF CARE
650 ## - SUBJECT ADDED ENTRY--TOPICAL TERM
Topical term or geographic name entry element PPC 2000
650 ## - SUBJECT ADDED ENTRY--TOPICAL TERM
Topical term or geographic name entry element CONTAMINATED LAND
690 ## - LOCAL SUBJECT ADDED ENTRY--TOPICAL TERM (OCLC, RLIN)
Topical term or geographic name as entry element ENVIRONMENTAL AND LAND CONSULTANCY-WASTE MANAGEMENT
942 ## - ADDED ENTRY ELEMENTS (KOHA)
Suppress in OPAC 0
Holdings
Withdrawn status Lost status Source of classification or shelving scheme Damaged status Not for loan Home library Current library Shelving location Date acquired Total Checkouts Full call number Barcode Date last seen Copy number Price effective from Koha item type
    Dewey Decimal Classification     London London Journal article 18/09/2001   ABS64612 114620-1001 06/08/2019 1 06/08/2019 Journal article